000 00607nam a2200181Ia 4500
008 100917s9999 xx 000 0 und d
082 _b25421
100 _aजोशी काशिनाथ अनंत
245 _aपंचतंत्र (आवृत्ती 7 वी)
260 _bजोशी का. अ.
_c1975
300 _a284
365 _b6
520 _aकादंबरी
630 _aपंचतंत्र (आवृत्ती 7 वी)
650 _aकादंबरी
730 _aपंचतंत्र (आवृत्ती 7 वी)
942 _cBOOK
999 _c630815
_d630812